[Event "GER-chT School WK 4"]
[Site "Playchess.com INT"]
[Date "2020.06.16"]
[Round "2.4"]
[White "Hoppe, Konstantin"]
[Black "Haubold, Henry"]
[Result "0-1"]
[WhiteElo "1312"]
[BlackElo "1491"]
[PlyCount "62"]
[EventDate "2020.06.16"]
[EventType "team-swiss (blitz)"]
[EventRounds "5"]
[EventCountry "GER"]
[SourceTitle "EXT 2021"]
[Source "ChessBase"]
[SourceDate "2020.10.23"]
[SourceVersion "1"]
[SourceVersionDate "2020.10.23"]
[SourceQuality "1"]
[WhiteTeam "Dresden Nexoe Gymn II"]
[BlackTeam "Floeha Gymn"]
[WhiteTeamCountry "GER"]
[BlackTeamCountry "GER"]

1. e4 c5 2. d4 cxd4 3. Qxd4 Nc6 4. Qd1 g6 5. Nc3 Bg7 6. Bc4 Nf6 7. Nf3 0-0 8. 0-0 d6 9. Re1 Bg4 10. h3 Bd7 11. Bf4 e5 12. Bg5 Rb8 13. Nd5 b5 14. Nxf6+ Bxf6 15. Be2 Bxg5 16. Nxg5 Qxg5 17. Qxd6 Bxh3 18. g3 Rb6 19. Qc5 Rd8 20. Rad1 Re8 21. Rd6 Rc8 22. Bxb5 Ne7 23. Qb4 Rxd6 24. Qxd6 Rxc2 25. Rd1 Rxb2 26. Qd8+ Kg7 27. Rd7 Qc1+ 28. Rd1 Qg5 29. Rd7 Rxb5 30. Rxe7 Qc1+ 31. Kh2 Qf1 0-1